000 00580cam a22002053a 4500
001 45955
003 PGUSA
005 20140828084055.0
008 140613s2014||||xxu|||||s|||||000 | eng d
040 _aPGUSA
_beng
042 _adc
100 1 _aMeadowcroft, William Henry
245 1 0 _aABC of Electricity
_h[electronic resource] /
_cWilliam Henry Meadowcroft
260 _bProject Gutenberg,
_c2014
506 _aPublic domain in the USA.
516 _aElectronic text
830 0 _aProject Gutenberg
_v45955
856 4 0 _uhttp://www.gutenberg.org/ebooks/45955
942 _cEB
999 _c275204
_d275204